000 00530nam a22001817a 4500
003 OSt
005 20260121074350.0
008 260121b |||||||| |||| 00| 0 eng d
020 _a0-697-34071-6.
040 _aDWCL-Main lib
_cOC
082 _23rd ed.
_aCirc. 909.09821 F463h 1998
100 _aFilro, Gloria
245 _aThe humanistic tradition/
_cFilro, Gloria
260 _aNY :
_bMcGraw-Hill,
_cc1998.
300 _axiii, 176 p. :
_bcol. ill. ;
_c28 cm.
504 _aIncludes index.
942 _2ddc
_cBK-CIRC
_e3rd ed.
_kCirc.
_n0
999 _c7668
_d7668